000 00937nam a22001937a 4500
999 _c62381
_d62381
003 Ge_BSU
005 20241018153054.0
008 241018s1953 ge ||||| |||| 00| 0 geo d
041 _ageo
080 _a612.82 პ-13
100 _aპავლოვი, ი.პ.
_923442
245 _aუმაღლესი ნერვული მოქმედების ფიზიოლოგია /
_cი.პ. პავლოვი; მ. სააკაშვილის წინასიტყვ. და რედაქციით.
264 _aთბილისი :
_bსაქმედგამი,
_c1953.
300 _a227 გვ. :
_b1ფ. პორტრ. ;
_c23 სმ.
653 _aნერვული სისტემის ფიზიოლოგია
653 _aმედიცინა
700 _aსააკაშვილი, მ.
_eრედაქტორი
_923443
942 _2udc
_cᲬᲘᲒᲜᲘ